000 00368cam a2200157ua 4500
003 OSt
008 250802b |||||||| |||| 00| 0 eng d
041 _aeng
082 _a624.2
_bJOG/BR
100 _aJoglekar, G D .
_97637
245 _aBridge Engineering /
250 _a1 /
260 _a :
_bUnited book corporation ,
_c1962.
300 _a258 ; .
942 _cBK
999 _c1387
_d1387